| 000 | 00343nam a2200121Ia 4500 | ||
|---|---|---|---|
| 008 | 220217s9999||||xx |||||||||||||| ||und|| | ||
| 082 | _a621.382 2 ROB | ||
| 100 | _aRoberts, Michael, J | ||
| 245 | 0 | _aFundamentals of Signals and systems | |
| 260 |
_aTata mcgraw hill _bNew Delhi _c2007 |
||
| 300 | _b310 | ||
| 650 |
_aSIGNAL PROCESSING _9719 |
||
| 999 |
_c176020 _d176020 |
||